Las normas internacionales del trabajo : manual de educación obrera /

Contiene: La función normativa de la OIT; Cómo se originan las normas internacionales de trabajo; Elaboración de normas internacionales del trabajo; Finalidad y contenido de las normas internacionales del trabajo; Procedimientos básicos que rigen la acción normativa de la OIT; Influencia de las norm...

Celý popis

Uloženo v:
Podrobná bibliografie
Korporativní autor: OIT
Médium: Kniha
Jazyk:španělština
Vydáno: México : Ginebra, Suiza : Alfaomega ; OIT, 2000, c2000
Vydání:4a edición
Edice:(Prodúctica ; 496)
Témata:
Tagy: Přidat tag
Žádné tagy, Buďte první, kdo vytvoří štítek k tomuto záznamu!

MARC

LEADER 00000nam^a2200000^a^4500
001 000117046
005 20250521000000.0
009 20260310094150.817
020 |a 970-15-0496-8 
037 |a Acervo ITESO - Biblioteca 
041 |a ESP 
082 |a 344. 01  |b OIT 
110 |a OIT 
245 1 4 |a Las normas internacionales del trabajo :  |b manual de educación obrera /  |c OIT. 
250 |a 4a edición  |b revisada 
264 4 |a México :  |b Alfaomega ;  |a Ginebra, Suiza :  |b OIT,  |c 2000, c2000 
300 |a 159 p. 
336 |a texto  |b txt  |2 rdacontenido 
337 |a sin mediación  |b n  |2 rdamedio 
338 |a volumen  |b nc  |2 rdasoporte 
440 1 |a (Prodúctica ;  |v 496) 
520 |a Contiene: La función normativa de la OIT; Cómo se originan las normas internacionales de trabajo; Elaboración de normas internacionales del trabajo; Finalidad y contenido de las normas internacionales del trabajo; Procedimientos básicos que rigen la acción normativa de la OIT; Influencia de las normas internacionales del trabajo; Guía clasificada de las normas internacionales del trabajo. 
649 |a XX 
650 |a Derecho Laboral -  |x Leyes y Reglamentos 
650 |a Derecho Internacional Público -  |x Leyes y Reglamentos 
910 |a Fondo General 
920 |a Impresos - Libros 
930 |a Colección General 
905 |a 101 
901 |a 0500050200  |b IT1  |c ACC  |u 20250521 
902 |a https://opac.biblio.iteso.mx/vufind/Record/000117046